| 000 | 01017nam a2200241Ia 4500 | ||
|---|---|---|---|
| 003 | GCL | ||
| 008 | 140319s9999 xx 000 0 ara d | ||
| 040 |
_aGCL / _cGCL |
||
| 082 | 0 | 4 |
_a004.65 _bح ت |
| 100 | 1 | _aحازم محمد سعيد حتامله | |
| 245 | 1 | 0 |
_aتكنولوجيا شبكات الحاسوب : _bCOMPUTER NETWORK TECHNOLOGY / _cحازم محمد سعيد حتامله |
| 250 | _aالاولى | ||
| 260 |
_aالاردن : _bدار قنديل للنشر والتوزيع ، _c2006 |
||
| 300 |
_a251 ص ؛ _c24 سم |
||
| 650 | 0 | 4 | _aالحاسبات الالكترونية |
| 650 | 0 | 4 | _aشبكات الحاسبات |
| 650 | 0 | 4 | _aالإنترنت |
| 650 | 0 | 4 | _aشبكات الحاسبات الالكترونية - برامج |
| 650 | 0 | 4 | _aشبكات الحاسبات الالكترونية - ادارة برامج |
| 650 | 0 | 4 | _aشبكات الحاسبات الالكترونية - تصميم |
| 650 | 0 | 4 | _aشبكات الحاسبات الالكترونية - انواع |
| 942 |
_2ddc _cBK |
||
| 999 |
_c10004 _d10004 |
||